Normal view
MARC view
- Major General Baron
Entry Personal Name
001 - CONTROL NUMBER
- control field: 105982
003 - CONTROL NUMBER IDENTIFIER
- control field: NUST
005 - DATE AND TIME OF LATEST TRANSACTION
- control field: 20221227085437.0
008 - FIXED-LENGTH DATA ELEMENTS
- fixed length control field: 221227|| aca||aabn | a|a d
040 ## - CATALOGING SOURCE
- Original cataloging agency: NUST
- Transcribing agency: NUST
100 ## - HEADING--PERSONAL NAME
- Personal name: Major General Baron
670 ## - SOURCE DATA FOUND
- Source citation: Work cat.: (NUST)184705: Major General Baron, The power of personality in war / , 1955
